000 00577nam a22001457a 4500
008 140520b xxu||||| |||| 00| 0 eng d
020 _a9781463536275
050 _aB430.A5179 2011
100 _aAristotle
_910347
245 _aThe Nicomachean Ethics of Aristotle
_bEvery art, every action and persuit, is thought to aim at some good; and for this reason the good has rightly been declared to be the which all things aim.
_cAristotle
260 _aUnited States
_bPacific Publishing Studio
_c2011
300 _a118p. ;
_c23cm.
650 _2Ethics
942 _2lcc
_cMONOGRAPH
_06
999 _c120534
_d120534